Rudi Iskandar

Bibliographic Details
Main Author: Maria Farinna Zainal Abidin
Other Authors: Don (Illustrator)
Format: Book
Published: Kuala Lumpur : Creative Enterprise 996
Series:Novel remaja creative
Subjects:

MARC

LEADER 00000cam a2200000 7i4500
001 0000007459
002 000008018
005 20000330.0
020 |a 9838932779 
090 0 0 |a F   |b MAR 
100 0 |a Maria Farinna Zainal Abidin 
245 1 0 |a Rudi Iskandar   |c Maria Farinna Zainal Abidin 
260 |a Kuala Lumpur :   |b Creative Enterprise 996 
300 |a 118p. ;   |c 17cm. 
490 0 |a Novel remaja creative 
650 0 0 |a Malay fiction 
700 0 |a Don ,   |e ill 
999 |a 052165   |b BUKU   |c PINJAMAN   |e PERPUSTAKAAN KOMUNITI PETALING JAYA 
999 |a 052166   |b BUKU   |c PINJAMAN   |e PERPUSTAKAAN KOMUNITI PETALING JAYA 
999 |a 052167   |b BUKU   |c PINJAMAN   |e PERPUSTAKAAN KOMUNITI PETALING JAYA 
999 |a 055488   |b BUKU   |c FICTION   |e PERPUSTAKAAN KOMUNITI CAW KOTA DAMANSARA